Thewinnngflash Quizzes 11 - Statistics

General Stats
  • This quiz has been taken 3 times
  • The average score is 5 of 10
Answer Stats
Question Answer % Correct
Plants are alive/dead? Alive
100%
In a table you have rows and ___ Columns
67%
Friction is a type of Force
67%
Humans are Mammals
67%
Electrons are the ___ number as Protons Same
67%
What type of line is the equator Latitude
33%
What type of line is the prime meridian Longitude
33%
Seconds make up Minutes
33%
What do tissues make Organs
33%
What are organs made of Tissues
33%
No matching quizzes found
Score Distribution
Percent of People with Each Score
Percentile by Number Answered
Your Score History
You have not taken this quiz